| 000 | 00831cam a2200253 a 4500 | ||
|---|---|---|---|
| 001 | 707409 | ||
| 003 | ASAB | ||
| 005 | 20180827062644.0 | ||
| 008 | 970212s1997 flua b 001 0 eng | ||
| 010 | _a 97007698 | ||
| 020 | _a9789382220428 | ||
| 040 |
_aDLC _cASAB _dDLC |
||
| 050 | 0 | 0 |
_aTD193 _b.B37 1997 |
| 082 | 0 | 0 |
_a628.5 _221 |
| 245 | 0 | 0 |
_aRecent advances in environmental chemistry / _cHailey Ambrose |
| 246 | 3 | 0 | _aEnvironmental chemistry |
| 300 |
_a506 p. : _bill. ; _c25 cm. |
||
| 504 | _aIncludes bibliographical references and index. | ||
| 650 | 0 |
_aEnvironmental chemistry. _91968 |
|
| 700 | 1 |
_aConnell, D. W. _91969 |
|
| 906 |
_a7 _bcbc _corignew _d1 _eocip _f19 _gy-gencatlg |
||
| 942 |
_2ddc _cBK |
||
| 999 |
_c480142 _d480142 |
||